Inflácia ako determinant finančných rozhodnutí o dlhodobých investíciách

Inflácia a jej väzba na časovú hodnotu peňazí. Vývoj inflácie v posudzovanom období. Väzba inflácie na medzibankovú úrokovú sadzbu (korekcia). Praktické príklady.

Saved in:
Bibliographic Details
Main Author: Markovič, Peter, 1974-
Format: Book Chapter
Language:Slovak
Subjects:
Tags: Add Tag
No Tags, Be the first to tag this record!

MARC

LEADER 00000naa$a2200000$$$4500
001 0145321
005 20240502072619.8
041 0 |a slo 
044 |a SK 
245 1 0 |a Inflácia ako determinant finančných rozhodnutí o dlhodobých investíciách  |c Peter Markovič 
520 |a Inflácia a jej väzba na časovú hodnotu peňazí. Vývoj inflácie v posudzovanom období. Väzba inflácie na medzibankovú úrokovú sadzbu (korekcia). Praktické príklady. 
610 2 0 |a inflácia 
610 2 0 |a investície finančné 
610 2 0 |a rozhodovanie finančné 
610 2 0 |a peniaze 
610 2 0 |a hodnota 
610 2 0 |a sadzby úrokové 
100 1 |a Markovič, Peter, 1974-